Usirova tajemství /

Hlavní autor: Jacq, Christian, 1947-
Jazyk: Čeština
Vydáno: Frýdek-Místek : Alpress, 2004
Vydání: Vyd. 1.
Edice: Klokan (Alpress)
Témata:
Externí odkaz: Digitalizovaný dokument
Fyzický popis: 331 s. ; 25 cm
Knihy
Uloženo v:
LEADER 01397nam a2200385 a 4500
001 000720382
003 CZ BrMZK
005 20040715102444.0
007 ta
008 040607s2004 xr e 000 1 cze
015 |a cnb001309211 
020 |a 80-7218-705-8  |q (váz.) 
040 |a BOA001  |b cze 
041 1 |a cze  |h fre 
043 |a f-ua--- 
072 7 |a 821.133.1-3  |x Francouzská próza, francouzsky psaná  |2 Konspekt  |9 25 
080 |a (0:82-311.6)  |2 MRF 
080 |a 821.133.1-31  |2 MRF 
080 |a (32)  |2 MRF 
100 1 |a Jacq, Christian,  |d 1947-  |7 jn20000603172  |4 aut 
245 1 0 |a Usirova tajemství /  |c Christian Jacq ; [z francouzského originálu ... přeložila Dagmar Slavíkovská]. I.,Strom života 
246 3 0 |a Strom života 
250 |a Vyd. 1. 
260 |a Frýdek-Místek :  |b Alpress,  |c 2004 
300 |a 331 s. ;  |c 25 cm 
490 1 |a Klokan 
655 7 |a francouzské romány  |7 fd132289  |2 czenas 
655 7 |a historické romány  |7 fd132414  |2 czenas 
651 7 |a starověký Egypt  |7 ge146585  |2 czenas 
765 0 |t <<Les >>mystères d'Osiris  |9 Česky 
830 0 |a Klokan (Alpress)  |0 s 
856 4 1 |u http://www.digitalniknihovna.cz/mzk/uuid/uuid:58532d00-0276-11e4-9789-005056827e52  |y Digitalizovaný dokument  |x NDK 
910 |a BOA001  |b 3-1137.326,1 
990 |a BK 
996 6 |b 2610222121  |c 3-1137.326,1  |l MZK  |r Sklad / do 1 hodiny  |n 7  |p p.v.  |w 000720382  |u 000010  |a 1  |e BOA001  |j MZK50  |s P